000 00568nam a2200205Ii 4500
003 JO-AjNU
008 230606s9999||||xx |||||||||||||| ||und||
020 _a978-93-5111-435-2
040 _aJO-AjNU
_beng
_erda
_cJO-AjNU
041 _aeng
050 1 4 _aTH145 2014
100 3 _aShah,Ramesh,
_eauthor
_93993
245 0 0 _aBuilding construction
264 3 1 _aNew Delhi: Random pup, 2014
300 _a316p
336 _atext
_btxt
_2rdacontent
337 _aunmediated
_bn
_2rdamedia
338 _avolume
_bnc
_2rdacarrier
650 4 _aBuilding construction
_93994
999 _aE2080
_c2079
_d2079